[Event "TUR-chT 1st League"]
[Site "Denizli"]
[Date "2023.07.13"]
[Round "7.42"]
[White "Asadli, Vugar Afgan Oglu"]
[Black "Yazici, Ugur Doga"]
[Result "1-0"]
[WhiteElo "2567"]
[BlackElo "2125"]
[PlyCount "67"]
[EventDate "2023.07.09"]
[EventType "team-swiss"]
[EventRounds "9"]
[EventCountry "TUR"]
[SourceTitle "CBM 215 Extra"]
[Source "ChessBase"]
[SourceDate "2023.09.30"]
[SourceVersion "1"]
[SourceVersionDate "2023.09.30"]
[SourceQuality "1"]
[WhiteTeam "Guzelbahce Altyapi"]
[BlackTeam "Gokyay Vakfi"]
[WhiteTeamCountry "TUR"]
[BlackTeamCountry "TUR"]

1. e4 e5 2. Nf3 Nc6 3. Bc4 Nf6 4. d3 Bc5 5. c3 d6 6. 0-0 a5 7. Bg5 h6 8. Bh4 g5 9. Bg3 Bg4 10. Nbd2 Bh5 11. Re1 0-0 12. Nf1 Ba7 13. Ne3 Ne7 14. Bb3 Kg7 15. Bc2 Bg6 16. h3 Nh5 17. Bh2 Nf4 18. d4 f6 19. Bxf4 gxf4 20. Nf5+ Kh7 21. N3h4 Nxf5 22. exf5 Bf7 23. Bb3 Qe8 24. Bxf7 Qxf7 25. Ng6 Rfe8 26. Qf3 c6 27. Re2 Rad8 28. Rae1 Bb8 29. Qh5 Kg7 30. g3 fxg3 31. Re4 Kh7 32. Rh4 Qg7 33. Ree4 exd4 34. Nf8+ 1-0

[Event "TUR Cup"]
[Site "Adapazari"]
[Date "2022.03.29"]
[Round "7"]
[White "Yazici, Ugur Doga"]
[Black "Kavri, Yusuf Eren"]
[Result "0-1"]
[WhiteElo "2195"]
[BlackElo "1886"]
[PlyCount "86"]
[EventDate "2022.03.25"]
[EventType "swiss"]
[EventRounds "11"]
[EventCountry "TUR"]
[SourceTitle "EXT 2023"]
[Source "ChessBase"]
[SourceDate "2022.10.05"]
[SourceVersion "1"]
[SourceVersionDate "2022.10.05"]
[SourceQuality "1"]

1. e4 c5 2. Nf3 Nc6 3. Bb5 g6 4. 0-0 Bg7 5. Re1 e5 6. Bxc6 dxc6 7. d3 Qe7 8. Nbd2 Nh6 9. Nc4 f6 10. a4 0-0 11. a5 Be6 12. Ra4 Rfd8 13. Qe2 Bf8 14. h3 Qc7 15. Nh2 Nf7 16. b3 b5 17. axb6 axb6 18. Rxa8 Rxa8 19. Ng4 Be7 20. Qf3 Kg7 21. Qg3 Ra2 22. Nce3 Qd7 23. Nh2 Nd6 24. f4 exf4 25. Qxf4 Nb5 26. Rf1 Nd4 27. Qh6+ Kg8 28. Kh1 Nxc2 29. Neg4 Qd8 30. Qh4 Ra1 31. Bb2 Rxf1+ 32. Nxf1 Nd4 33. Nh6+ Kg7 34. Ng4 Bxb3 35. Nfe3 Be6 36. Qh6+ Kg8 37. Qf4 b5 38. h4 h5 39. Nf2 Kg7 40. g4 Bd6 41. e5 Bxe5 42. Qe4 Bd5 43. Nxd5 Qxd5 0-1

[Event "TUR Cup"]
[Site "Adapazari"]
[Date "2022.03.28"]
[Round "5"]
[White "Yazici, Ugur Doga"]
[Black "Temizer, Umut"]
[Result "0-1"]
[WhiteElo "2195"]
[BlackElo "1900"]
[PlyCount "144"]
[EventDate "2022.03.25"]
[EventType "swiss"]
[EventRounds "11"]
[EventCountry "TUR"]
[SourceTitle "EXT 2023"]
[Source "ChessBase"]
[SourceDate "2022.10.05"]
[SourceVersion "1"]
[SourceVersionDate "2022.10.05"]
[SourceQuality "1"]

1. e4 c5 2. Nf3 d6 3. Bb5+ Nd7 4. c4 a6 5. Ba4 Ngf6 6. Nc3 g6 7. 0-0 Bg7 8. d3 0-0 9. h3 b6 10. Rb1 Bb7 11. a3 e6 12. Re1 Qc7 13. Bd2 Ne5 14. Nxe5 dxe5 15. Be3 Rad8 16. Qc2 Nh5 17. b4 Nf4 18. Red1 b5 19. Bxc5 bxa4 20. Nxa4 Rxd3 21. Bxf8 Rxd1+ 22. Rxd1 Bxf8 23. c5 f5 24. f3 Bc6 25. Nc3 Qe7 26. Rd6 Qc7 27. Rd1 h5 28. Kh2 h4 29. Qf2 Be7 30. a4 Be8 31. Qf1 Qb7 32. Qc4 Qc6 33. Rb1 Qd7 34. Rb2 Qd4 35. Qb3 Kf7 36. Rc2 Qd3 37. Qb2 a5 38. Nb5 Bc6 39. Nd6+ Bxd6 40. Rd2 Qf1 41. cxd6 Nd3 42. Qc3 Nf2 43. Rxf2 Qxf2 44. b5 Bd7 45. exf5 gxf5 46. Qxa5 e4 47. Qd8 Qg3+ 48. Kh1 Qxd6 49. fxe4 fxe4 50. b6 e3 51. b7 e2 52. Qxh4 Qd1+ 53. Kh2 Qd6+ 54. Kh1 Qd1+ 55. Kh2 e1Q 56. Qxe1 Qxe1 57. b8Q Ke7 58. Qf4 e5 59. Qg5+ Kd6 60. Qf6+ Kc7 61. h4 Bxa4 62. h5 Qe4 63. Qe7+ Kb6 64. Qd6+ Kb5 65. h6 Bc2 66. Kh3 Qd3+ 67. Qxd3+ Bxd3 68. g4 Kc5 69. Kh4 Kd5 70. Kh5 Ke6 71. Kg5 Bh7 72. Kh4 Kf6 0-1

[Event "Istanbul Redbull Masters"]
[Site "Istanbul"]
[Date "2019.11.24"]
[Round "2.11"]
[White "Ozsakallioglu, Okan"]
[Black "Yazici, Ugur Doga"]
[Result "1/2-1/2"]
[WhiteElo "2072"]
[BlackElo "2195"]
[PlyCount "107"]
[EventDate "2019.11.23"]
[EventType "k.o."]
[EventRounds "8"]
[EventCountry "TUR"]
[SourceTitle "CBM 193 Extra"]
[Source "ChessBase"]
[SourceDate "2020.01.31"]
[SourceVersion "1"]
[SourceVersionDate "2020.01.31"]
[SourceQuality "1"]

1. Nf3 Nf6 2. g3 e6 3. Bg2 d5 4. d4 Be7 5. 0-0 0-0 6. c4 dxc4 7. Qc2 a6 8. a4 Nc6 9. Qxc4 Qd5 10. Nbd2 Qxc4 11. Nxc4 Rd8 12. Rd1 Nb4 13. Bf4 Nfd5 14. Be5 f6 15. Bf4 Nxf4 16. gxf4 Bd7 17. b3 Bc6 18. Rac1 a5 19. e3 Be4 20. Ne1 Bxg2 21. Kxg2 b6 22. Nd3 Rd7 23. Nxb4 Bxb4 24. Rc2 Kf7 25. Kf3 Ke7 26. Nb2 c5 27. Nc4 Rb8 28. Rg1 g6 29. dxc5 Bxc5 30. h4 Rd3 31. h5 Kf7 32. hxg6+ hxg6 33. Nd2 Rbd8 34. Ne4 R8d5 35. Rh1 Kg7 36. Rhc1 Rxb3 37. Nxc5 bxc5 38. Rxc5 Rb4 39. R5c4 Rxc4 40. Rxc4 f5 41. Rc6 Kf6 42. Ke2 Ke7 43. Rc7+ Kd6 44. Rg7 Kc5 45. Rxg6 Rd6 46. f3 Rb6 47. Rf6 Kd5 48. Kd3 Rb3+ 49. Kd2 Rb4 50. Kd3 Rxa4 51. e4+ fxe4+ 52. fxe4+ Rxe4 53. f5 a4 54. Rxe6 1/2-1/2

[Event "Istanbul Redbull Masters"]
[Site "Istanbul"]
[Date "2019.11.24"]
[Round "4.15"]
[White "Sabahi, Cem"]
[Black "Yazici, Ugur Doga"]
[Result "0-1"]
[WhiteElo "1604"]
[BlackElo "2195"]
[PlyCount "56"]
[EventDate "2019.11.23"]
[EventType "k.o."]
[EventRounds "8"]
[EventCountry "TUR"]
[SourceTitle "CBM 193 Extra"]
[Source "ChessBase"]
[SourceDate "2020.01.31"]
[SourceVersion "1"]
[SourceVersionDate "2020.01.31"]
[SourceQuality "1"]

1. e4 e6 2. d3 d5 3. Qe2 Be7 4. Nf3 Nf6 5. g3 b6 6. Bg2 Bb7 7. e5 Nfd7 8. 0-0 c5 9. c4 dxc4 10. dxc4 Nc6 11. Nc3 Qc7 12. Bf4 0-0-0 13. Rfd1 h6 14. h4 a6 15. a4 Rdg8 16. h5 g5 17. hxg6 fxg6 18. Ne4 g5 19. Nd6+ Kb8 20. Bc1 g4 21. Nh2 Ba8 22. Nf7 Rh7 23. Nxh6 Rgh8 24. N6xg4 Nd4 25. Qd3 Nxe5 26. Nxe5 Bxg2 27. Kxg2 Rxh2+ 28. Kf1 Rh1+ 0-1

[Event "Istanbul Redbull Masters"]
[Site "Istanbul"]
[Date "2019.11.24"]
[Round "5.15"]
[White "Yazici, Ugur Doga"]
[Black "Sabahi, Cem"]
[Result "1/2-1/2"]
[WhiteElo "2195"]
[BlackElo "1604"]
[PlyCount "116"]
[EventDate "2019.11.23"]
[EventType "k.o."]
[EventRounds "8"]
[EventCountry "TUR"]
[SourceTitle "CBM 193 Extra"]
[Source "ChessBase"]
[SourceDate "2020.01.31"]
[SourceVersion "1"]
[SourceVersionDate "2020.01.31"]
[SourceQuality "1"]

1. e4 g6 2. d4 Bg7 3. Nf3 d6 4. Nbd2 Nd7 5. Bd3 e5 6. dxe5 dxe5 7. Nc4 Ne7 8. b3 Nc6 9. Ba3 b5 10. Ne3 b4 11. Bb2 Nd4 12. a3 c5 13. axb4 cxb4 14. Nxd4 exd4 15. Nd5 0-0 16. Nxb4 Nc5 17. 0-0 Bb7 18. Re1 Re8 19. f3 a5 20. Na2 a4 21. Nc1 Qb6 22. Ba3 Nxd3 23. Nxd3 axb3 24. cxb3 Rec8 25. Bb2 Rxa1 26. Bxa1 Ba6 27. Kh1 Rb8 28. Nc1 Qb4 29. e5 d3 30. Re4 Qa5 31. Ra4 Qb5 32. Qd2 Rd8 33. h3 Rc8 34. Bc3 Qc6 35. Na2 Bb5 36. Re4 Kf8 37. h4 Kg8 38. h5 f6 39. exf6 Bxf6 40. Bxf6 Qxf6 41. Nb4 Qd6 42. hxg6 hxg6 43. Rg4 Kg7 44. Qb2+ Qf6 45. Qxf6+ Kxf6 46. Rd4 Rc3 47. Nd5+ Ke5 48. Nxc3 Kxd4 49. Nxb5+ Kc5 50. Nc3 Kb4 51. Ne4 Kxb3 52. Kh2 Kc2 53. f4 Kd1 54. g4 Ke2 55. f5 Ke3 56. Ng3 d2 57. Nf1+ Kf4 58. Nxd2 Ke5 1/2-1/2

[Event "Marmaris Karya IM 8th"]
[Site "Marmaris"]
[Date "2019.08.02"]
[Round "10.4"]
[White "Sibashvili, Giorgi"]
[Black "Yazici, Ugur Doga"]
[Result "0-1"]
[WhiteElo "2389"]
[BlackElo "2143"]
[PlyCount "88"]
[EventDate "2019.07.29"]
[EventType "schev"]
[EventRounds "10"]
[EventCountry "TUR"]
[SourceTitle "CBM 191 Extra"]
[Source "ChessBase"]
[SourceDate "2019.09.30"]
[SourceVersion "1"]
[SourceVersionDate "2019.09.30"]
[SourceQuality "1"]
[WhiteTeam "Turkuaz"]
[BlackTeam "Blue Team"]
[WhiteTeamCountry "TUR"]
[BlackTeamCountry "TUR"]

1. d4 d5 2. c4 dxc4 3. Nf3 Nf6 4. e3 e6 5. Bxc4 c5 6. 0-0 cxd4 7. exd4 Be7 8. Nc3 0-0 9. Bg5 Nc6 10. a3 b6 11. Qe2 Bb7 12. Rfd1 Na5 13. Ba2 Re8 14. b4 Nc6 15. Rac1 Nd5 16. Nxd5 Bxg5 17. Ne3 Bf4 18. d5 exd5 19. Bxd5 Qf6 20. Qc4 Bxe3 21. fxe3 Nd8 22. e4 Bxd5 23. exd5 Nb7 24. Qd4 Qxd4+ 25. Nxd4 Nd6 26. Rc6 Red8 27. a4 Rd7 28. a5 bxa5 29. bxa5 a6 30. Nb3 Ne4 31. Rd4 f5 32. g4 g6 33. gxf5 gxf5 34. Nd2 Nd6 35. Nf3 Nb7 36. Ne5 Rg7+ 37. Kf2 Nxa5 38. Rb6 Nb7 39. d6 Nc5 40. d7 Rd8 41. Rb8 Ne6 42. Rc8 Rgxd7 43. Rxd7 Rxc8 44. Rd6 Nc5 0-1

[Event "Marmaris Karya IM 8th"]
[Site "Marmaris"]
[Date "2019.08.01"]
[Round "8.4"]
[White "Magalashvili, Davit"]
[Black "Yazici, Ugur Doga"]
[Result "1-0"]
[WhiteElo "2485"]
[BlackElo "2143"]
[PlyCount "89"]
[EventDate "2019.07.29"]
[EventType "schev"]
[EventRounds "10"]
[EventCountry "TUR"]
[SourceTitle "CBM 191 Extra"]
[Source "ChessBase"]
[SourceDate "2019.09.30"]
[SourceVersion "1"]
[SourceVersionDate "2019.09.30"]
[SourceQuality "1"]
[WhiteTeam "Turkuaz"]
[BlackTeam "Blue Team"]
[WhiteTeamCountry "TUR"]
[BlackTeamCountry "TUR"]

1. Nf3 Nf6 2. g3 d5 3. Bg2 e6 4. 0-0 Be7 5. c4 0-0 6. b3 c5 7. cxd5 exd5 8. d4 Nc6 9. dxc5 Ne4 10. Bb2 Bxc5 11. Nc3 Nxc3 12. Bxc3 d4 13. Bb2 Qb6 14. Rc1 Rd8 15. Qc2 Be7 16. Rfd1 Be6 17. Qe4 Bf6 18. Rd2 Rd7 19. h4 h6 20. Qf4 Rad8 21. Rcd1 Qa5 22. Nxd4 Nxd4 23. Bxd4 Bxd4 24. Rxd4 Rxd4 25. Rxd4 Rxd4 26. Qxd4 Qxa2 27. Qd8+ Kh7 28. Be4+ f5 29. Qd3 g6 30. Bd5 Qa1+ 31. Kg2 Bxd5+ 32. Qxd5 Qa6 33. Qf7+ Kh8 34. h5 gxh5 35. Qf8+ Kh7 36. Qxf5+ Kg7 37. Qxh5 b5 38. Qe5+ Kf7 39. Qf5+ Kg7 40. Qd7+ Kf6 41. e4 Qb6 42. Qh7 Ke5 43. Qf5+ Kd4 44. Qd5+ Kc3 45. e5 1-0

[Event "Marmaris Karya IM 8th"]
[Site "Marmaris"]
[Date "2019.08.01"]
[Round "7.4"]
[White "Yazici, Ugur Doga"]
[Black "Rzayev, Bahruz Iqbal Oglu"]
[Result "0-1"]
[WhiteElo "2143"]
[BlackElo "2340"]
[PlyCount "78"]
[EventDate "2019.07.29"]
[EventType "schev"]
[EventRounds "10"]
[EventCountry "TUR"]
[SourceTitle "CBM 191 Extra"]
[Source "ChessBase"]
[SourceDate "2019.09.30"]
[SourceVersion "1"]
[SourceVersionDate "2019.09.30"]
[SourceQuality "1"]
[WhiteTeam "Blue Team"]
[BlackTeam "Turkuaz"]
[WhiteTeamCountry "TUR"]
[BlackTeamCountry "TUR"]

1. e4 e5 2. Nf3 Nc6 3. Bb5 Nge7 4. Nc3 a6 5. Bc4 Ng6 6. d4 exd4 7. Nxd4 Bb4 8. 0-0 Nge5 9. Be2 d6 10. Be3 Bxc3 11. bxc3 Qh4 12. Nf5 Bxf5 13. exf5 Qe4 14. Rb1 0-0-0 15. Re1 Rde8 16. Qc1 Qxf5 17. Qb2 Nd8 18. h3 g5 19. Red1 g4 20. hxg4 Nxg4 21. Rd4 Nxe3 22. fxe3 Rhg8 23. Rf1 Qg5 24. Bg4+ Kb8 25. Qc1 Rxe3 26. Rf5 Qe7 27. Kf2 Re8 28. Bf3 Rxc3 29. Re4 Qd7 30. Rxe8 Qxe8 31. Qd2 Ra3 32. Bd5 Qb5 33. Qg5 Qb6+ 34. Ke2 Ne6 35. Bxe6 fxe6 36. Qg8+ Ka7 37. Qxe6 Qb1 38. Qc4 Rxa2 39. Kd2 Qb2 0-1

[Event "Marmaris Karya IM 8th"]
[Site "Marmaris"]
[Date "2019.07.31"]
[Round "6.4"]
[White "Odeev, Handszar"]
[Black "Yazici, Ugur Doga"]
[Result "1-0"]
[WhiteElo "2360"]
[BlackElo "2143"]
[PlyCount "83"]
[EventDate "2019.07.29"]
[EventType "schev"]
[EventRounds "10"]
[EventCountry "TUR"]
[SourceTitle "CBM 191 Extra"]
[Source "ChessBase"]
[SourceDate "2019.09.30"]
[SourceVersion "1"]
[SourceVersionDate "2019.09.30"]
[SourceQuality "1"]
[WhiteTeam "Turkuaz"]
[BlackTeam "Blue Team"]
[WhiteTeamCountry "TUR"]
[BlackTeamCountry "TUR"]

1. e4 e5 2. Nf3 Nc6 3. Bc4 Nf6 4. d3 Be7 5. Bb3 0-0 6. 0-0 d6 7. c3 Na5 8. Bc2 c5 9. h3 Nc6 10. Re1 Re8 11. Nbd2 h6 12. Nf1 Bf8 13. d4 exd4 14. cxd4 d5 15. e5 Ne4 16. dxc5 Nxc5 17. Bd2 a5 18. Bc3 b5 19. Nd4 Nxd4 20. Bxd4 Ba6 21. Ne3 Rc8 22. Bxc5 Rxc5 23. Qd3 g6 24. Ng4 Re6 25. f4 b4 26. Qd2 Rc4 27. f5 Rec6 28. Nf6+ Kg7 29. Ba4 Rd4 30. Qf2 Rcc4 31. Ne8+ Kg8 32. e6 Re4 33. exf7+ Kh7 34. fxg6+ Kxg6 35. Kh1 Bc8 36. Bc2 Rxc2 37. Qxc2 Bf5 38. Qc6+ Kxf7 39. Rxe4 Bxe4 40. Rf1+ Ke7 41. Qf6+ Kd7 42. Qxf8 1-0

[Event "Marmaris Karya IM 8th"]
[Site "Marmaris"]
[Date "2019.07.31"]
[Round "5.4"]
[White "Yazici, Ugur Doga"]
[Black "Sibashvili, Giorgi"]
[Result "0-1"]
[WhiteElo "2143"]
[BlackElo "2389"]
[PlyCount "60"]
[EventDate "2019.07.29"]
[EventType "schev"]
[EventRounds "10"]
[EventCountry "TUR"]
[SourceTitle "CBM 191 Extra"]
[Source "ChessBase"]
[SourceDate "2019.09.30"]
[SourceVersion "1"]
[SourceVersionDate "2019.09.30"]
[SourceQuality "1"]
[WhiteTeam "Blue Team"]
[BlackTeam "Turkuaz"]
[WhiteTeamCountry "TUR"]
[BlackTeamCountry "TUR"]

1. e4 e6 2. d4 d5 3. Nc3 Bb4 4. exd5 exd5 5. Bd3 Nc6 6. a3 Bxc3+ 7. bxc3 Nge7 8. Qf3 Be6 9. Rb1 Na5 10. Ne2 Qd7 11. Nf4 Bg4 12. Qg3 g6 13. Ne2 0-0-0 14. Bg5 Rde8 15. f3 Bf5 16. 0-0 Nc4 17. Qf2 h6 18. Bc1 g5 19. Ng3 Bg6 20. Bxc4 dxc4 21. Ne4 Qc6 22. d5 Nxd5 23. Qxa7 b6 24. Qa6+ Kb8 25. a4 Bxe4 26. fxe4 Nxc3 27. Be3 Nxb1 28. Rxb1 Qb7 29. Qxc4 Qxe4 30. Bd4 Rd8 0-1

[Event "Marmaris Karya IM 8th"]
[Site "Marmaris"]
[Date "2019.07.29"]
[Round "1.4"]
[White "Yazici, Ugur Doga"]
[Black "Odeev, Handszar"]
[Result "0-1"]
[WhiteElo "2143"]
[BlackElo "2360"]
[PlyCount "51"]
[EventDate "2019.07.29"]
[EventType "schev"]
[EventRounds "10"]
[EventCountry "TUR"]
[SourceTitle "CBM 191 Extra"]
[Source "ChessBase"]
[SourceDate "2019.09.30"]
[SourceVersion "1"]
[SourceVersionDate "2019.09.30"]
[SourceQuality "1"]
[WhiteTeam "Blue Team"]
[BlackTeam "Turkuaz"]
[WhiteTeamCountry "TUR"]
[BlackTeamCountry "TUR"]

1. Nf3 Nf6 2. g3 g6 3. Bg2 Bg7 4. 0-0 0-0 5. d4 d5 6. Nbd2 Ne4 7. c3 c5 8. Nxe4 dxe4 9. Ne5 cxd4 10. cxd4 Qd5 11. Be3 Nd7 12. Nxd7 Bxd7 13. f3 exf3 14. Bxf3 Qd6 15. Qd2 Rad8 16. Rfd1 Ba4 17. b3 Bc6 18. Bxc6 bxc6 19. Rac1 h5 20. Rc4 h4 21. Bf4 Qd5 22. Qd3 h3 23. e4 Qh5 24. d5 f5 25. d6 g5 26. Ra1 0-1

[Event "EU-ch U18 28th"]
[Site "Riga"]
[Date "2018.08.20"]
[Round "1"]
[White "Macovei, Andrei"]
[Black "Yazici, Ugur Doga"]
[Result "1-0"]
[WhiteElo "2394"]
[BlackElo "2130"]
[PlyCount "65"]
[EventDate "2018.08.20"]
[EventType "swiss"]
[EventRounds "9"]
[EventCountry "LAT"]
[SourceTitle "CBM 186 Extra"]
[Source "ChessBase"]
[SourceDate "2018.08.24"]
[SourceVersion "1"]
[SourceVersionDate "2018.08.24"]
[SourceQuality "1"]

1. e4 e5 2. Nf3 Nc6 3. Bb5 Nf6 4. d3 Bc5 5. c3 0-0 6. 0-0 Re8 7. Nbd2 a6 8. Bxc6 bxc6 9. Re1 d5 10. h3 Bd6 11. Nf1 h6 12. Ng3 a5 13. Qc2 c5 14. c4 dxe4 15. Nxe4 Nd7 16. b3 f5 17. Ned2 Nb8 18. Bb2 Nc6 19. a3 Rb8 20. Re2 Nd4 21. Bxd4 exd4 22. Rxe8+ Qxe8 23. Re1 Qh5 24. b4 axb4 25. Rb1 g5 26. axb4 g4 27. bxc5 Rxb1+ 28. Qxb1 Bf4 29. Qb8 Qe8 30. g3 Be3 31. hxg4 fxg4 32. Ne4 Qf8 33. Ne5 1-0

[Event "TUR-chT 2nd League"]
[Site "Konya"]
[Date "2018.07.18"]
[Round "4.4"]
[White "Albayrak, Enes"]
[Black "Yazici, Ugur Doga"]
[Result "0-1"]
[WhiteElo "1707"]
[BlackElo "2222"]
[PlyCount "52"]
[EventDate "2018.07.16"]
[EventType "team-swiss"]
[EventRounds "9"]
[EventCountry "TUR"]
[SourceTitle "EXT 2019"]
[Source "ChessBase"]
[SourceDate "2018.10.10"]
[SourceVersion "1"]
[SourceVersionDate "2018.10.10"]
[SourceQuality "1"]
[WhiteTeam "Yalova Altinkale"]
[BlackTeam "Pendik Dernegi"]
[WhiteTeamCountry "TUR"]
[BlackTeamCountry "TUR"]

1. d4 Nf6 2. c4 g6 3. f3 d5 4. cxd5 Nxd5 5. e4 Nb6 6. Be3 Bg7 7. Nc3 0-0 8. Qd2 e5 9. d5 c6 10. 0-0-0 cxd5 11. exd5 Na6 12. h4 Bd7 13. h5 Rc8 14. hxg6 fxg6 15. Bh6 Qf6 16. Bxg7 Qxg7 17. Kb1 Bf5+ 18. Ne4 Rfd8 19. d6 Nc5 20. Bd3 Nxd3 21. Qxd3 Nc4 22. g4 Rxd6 23. Qxd6 Bxe4+ 24. fxe4 Nxd6 25. Nf3 Nxe4 26. Rc1 Rf8 0-1

[Event "TUR-chT 2nd League"]
[Site "Konya"]
[Date "2018.07.17"]
[Round "2.10"]
[White "Yazici, Ugur Doga"]
[Black "Ugur, Cem"]
[Result "1/2-1/2"]
[WhiteElo "2222"]
[BlackElo "1589"]
[PlyCount "160"]
[EventDate "2018.07.16"]
[EventType "team-swiss"]
[EventRounds "9"]
[EventCountry "TUR"]
[SourceTitle "EXT 2019"]
[Source "ChessBase"]
[SourceDate "2018.10.10"]
[SourceVersion "1"]
[SourceVersionDate "2018.10.10"]
[SourceQuality "1"]
[WhiteTeam "Pendik Dernegi"]
[BlackTeam "Cesme Belediye"]
[WhiteTeamCountry "TUR"]
[BlackTeamCountry "TUR"]

1. e4 e5 2. Nf3 Nf6 3. Nc3 Bb4 4. Be2 Nc6 5. Nd5 Be7 6. d3 d6 7. Nxe7 Qxe7 8. c3 0-0 9. Qc2 a6 10. h3 Bd7 11. g4 Nd8 12. Be3 c5 13. g5 Ne8 14. 0-0-0 b5 15. h4 f5 16. gxf6 Nxf6 17. Nh2 Ne6 18. Rhg1 b4 19. c4 a5 20. Qd2 Be8 21. Nf1 Nh5 22. Ng3 Nxg3 23. fxg3 Nd4 24. Bxd4 cxd4 25. Rdf1 Bd7 26. Qe1 Rxf1 27. Rxf1 Rf8 28. Rxf8+ Qxf8 29. a3 bxa3 30. bxa3 Qd8 31. Qd2 h6 32. Qb2 Qc7 33. Bh5 Be6 34. Qb5 Bf7 35. Bg4 Kf8 36. Bf5 Ke7 37. Kc2 Be8 38. Qd5 Bf7 39. Qb5 Be8 40. Qb3 Kf8 41. Qb1 Ke7 42. Kd2 Kf8 43. Be6 Ke7 44. Bg4 Bf7 45. Qb5 Be8 46. Qb1 Bf7 47. Bf5 Kf8 48. Qb5 Ke7 49. Kc2 Be8 50. Qb1 Bf7 51. Kd1 Be8 52. Ke2 Bf7 53. Kf2 Be8 54. Qb3 Bf7 55. Qb5 Be8 56. Qd5 Bf7 57. Qb5 Be8 58. Qb3 Bf7 59. Kg2 Kf8 60. Qb5 Ke7 61. Bg4 Be8 62. Qb2 Bf7 63. Bd1 Be6 64. Qb5 Bd7 65. Qb2 Be6 66. Ba4 Kd8 67. Qe2 Qf7 68. Qe1 Qc7 69. Qb1 Bf7 70. Qf1 Qe7 71. Qf5 Kc7 72. Qg4 Be6 73. Qe2 Kd8 74. Qb2 Qc7 75. Bd1 Ke7 76. g4 Kd8 77. Qb5 Ke7 78. Kg3 Bd7 79. Qd5 Be6 80. Qb5 Bd7 1/2-1/2

[Event "TUR-chT"]
[Site "Kocaeli"]
[Date "2017.07.29"]
[Round "4.4"]
[White "Ozen, Deniz"]
[Black "Yazici, Ugur Doga"]
[Result "1-0"]
[WhiteElo "2351"]
[BlackElo "2144"]
[PlyCount "41"]
[EventDate "2017.07.26"]
[EventType "team-tourn"]
[EventRounds "13"]
[EventCountry "TUR"]
[SourceTitle "CBM 179 Extra"]
[Source "ChessBase"]
[SourceDate "2017.08.23"]
[SourceVersion "1"]
[SourceVersionDate "2017.08.23"]
[SourceQuality "1"]
[WhiteTeam "Manisa TS Alyans"]
[BlackTeam "Panelsan Genc"]
[WhiteTeamCountry "TUR"]
[BlackTeamCountry "TUR"]

1. e4 e5 2. Nf3 Nc6 3. Bb5 Nf6 4. d3 Bc5 5. Be3 Bxe3 6. fxe3 d6 7. c3 0-0 8. 0-0 Bd7 9. Nbd2 Re8 10. Qe2 a6 11. Ba4 d5 12. exd5 Nxd5 13. Ne4 Na5 14. Bxd7 Qxd7 15. c4 Nb4 16. Nfg5 Qxd3 17. Qh5 h6 18. Rxf7 Rf8 19. Raf1 hxg5 20. Nxg5 Qxf1+ 21. Kxf1 1-0

[Event "Ankara Baskent Univ op 2nd"]
[Site "Ankara"]
[Date "2017.07.01"]
[Round "3"]
[White "Sadikhov, Ulvi Ramil Oglu"]
[Black "Yazici, Ugur Doga"]
[Result "1-0"]
[WhiteElo "2483"]
[BlackElo "2144"]
[PlyCount "196"]
[EventDate "2017.06.30"]
[EventType "swiss"]
[EventRounds "9"]
[EventCountry "TUR"]
[SourceTitle "CBM 179 Extra"]
[Source "ChessBase"]
[SourceDate "2017.08.23"]
[SourceVersion "1"]
[SourceVersionDate "2017.08.23"]
[SourceQuality "1"]

1. e4 e5 2. Nf3 Nc6 3. Bb5 Nf6 4. 0-0 Nxe4 5. Re1 Nd6 6. Nxe5 Be7 7. Bd3 Nxe5 8. Rxe5 0-0 9. Nc3 c6 10. Re3 g6 11. b3 Ne8 12. Bb2 d5 13. Re1 Ng7 14. Qf3 Bf5 15. a4 Bg5 16. Bxf5 Nxf5 17. Qd3 Re8 18. Rxe8+ Qxe8 19. a5 Qf8 20. Na4 Qb4 21. Bc3 Qe7 22. g3 d4 23. Bb2 Qb4 24. f4 Bf6 25. a6 b5 26. Ba3 Qa5 27. Nc5 b4 28. Ne4 bxa3 29. Nxf6+ Kg7 30. Ne4 c5 31. Qc4 Re8 32. Qxc5 Qxa6 33. d3 a2 34. g4 Rc8 35. Qd5 Qa3 36. Qe5+ Kg8 37. Nf6+ Kf8 38. Nxh7+ Kg8 39. Nf6+ Kf8 40. Nd5 Ng7 41. Qxd4 Rxc2 42. Qb4+ Qxb4 43. Nxb4 Rb2 44. Rxa2 Rxb3 45. Nc6 Rxd3 46. Rxa7 Rf3 47. Rxf7+ Kxf7 48. Ne5+ Kf6 49. Nxf3 Ne6 50. Kf2 Nxf4 51. h4 Nd5 52. Ng5 Ke5 53. Kf3 Kf6 54. Ke4 Nc3+ 55. Kd4 Nb5+ 56. Kd3 Ke5 57. Ke3 Nc3 58. Nf3+ Kf6 59. Nd2 Ke5 60. Nc4+ Kf6 61. Nb6 Ke5 62. Nd7+ Ke6 63. Nc5+ Ke5 64. Nd3+ Kf6 65. Kf4 Nd5+ 66. Kf3 Nc3 67. Nf2 Ke5 68. Nd3+ Kf6 69. Ke3 Nd5+ 70. Kd4 Nc7 71. Ke4 Ne6 72. Ne5 Nc5+ 73. Kd5 Nb3 74. Nf3 Nc1 75. Nd4 Nd3 76. g5+ Kf7 77. Nf3 Nf4+ 78. Ke5 Ng2 79. Kd4 Ke7 80. Kd3 Kd6 81. Ke2 Kd5 82. Kf2 Nf4 83. Kg3 Ke4 84. Kg4 Nh5 85. Nh2 Ke3 86. Nf1+ Kf2 87. Nd2 Ke3 88. Nc4+ Kd4 89. Nd6 Ng7 90. Nf7 Ne6 91. Nh8 Nf8 92. Nxg6 Nxg6 93. h5 Nh8 94. g6 Ke5 95. Kg5 Ke6 96. g7 Nf7+ 97. Kg6 Ne5+ 98. Kh7 Kd5 1-0

[Event "TUR Cup"]
[Site "Antalya"]
[Date "2017.02.04"]
[Round "11"]
[White "Ozveren, Ali Bulent"]
[Black "Yazici, Ugur Doga"]
[Result "0-1"]
[WhiteElo "1899"]
[BlackElo "2094"]
[PlyCount "82"]
[EventDate "2017.01.28"]
[EventType "swiss"]
[EventRounds "11"]
[EventCountry "TUR"]
[SourceTitle "CBM 176 Extra"]
[Source "ChessBase"]
[SourceDate "2017.03.02"]
[SourceVersion "1"]
[SourceVersionDate "2017.03.02"]
[SourceQuality "1"]

1. Nf3 Nf6 2. c4 g6 3. Nc3 d5 4. cxd5 Nxd5 5. g3 Bg7 6. Bg2 0-0 7. h4 e5 8. Qb3 Nb6 9. d3 Nc6 10. h5 Be6 11. Qc2 Bg4 12. hxg6 hxg6 13. Bg5 Qd7 14. Ne4 f6 15. Nc5 Qf7 16. Be3 Nd5 17. Nxb7 Ncb4 18. Qa4 Rfb8 19. Nc5 Bf8 20. Ne4 Nxe3 21. fxe3 Nd5 22. Kf2 Rxb2 23. Rh4 Bf5 24. Rah1 Bg7 25. Qc4 Rd8 26. Nfd2 Nb6 27. Rh8+ Bxh8 28. Rxh8+ Kxh8 29. Qxf7 Nd7 30. Nxf6 g5 31. Nde4 Rf8 32. Qh5+ Kg7 33. Qxg5+ Bg6 34. Bf3 Nxf6 35. Qxe5 Rc2 36. g4 Bxe4 37. dxe4 Rc5 38. Qd4 Rg5 39. Kg3 c5 40. Qc3 Kg6 41. e5 Rxg4+ 0-1

[Event "TUR Cup"]
[Site "Antalya"]
[Date "2017.02.01"]
[Round "7"]
[White "Yazici, Ugur Doga"]
[Black "Akdogan, Alperen"]
[Result "1-0"]
[WhiteElo "2094"]
[BlackElo "2175"]
[PlyCount "88"]
[EventDate "2017.01.28"]
[EventType "swiss"]
[EventRounds "11"]
[EventCountry "TUR"]
[SourceTitle "CBM 176 Extra"]
[Source "ChessBase"]
[SourceDate "2017.03.02"]
[SourceVersion "1"]
[SourceVersionDate "2017.03.02"]
[SourceQuality "1"]

1. e4 Nf6 2. e5 Nd5 3. d4 d6 4. Nf3 g6 5. Bc4 Nb6 6. Bb3 Bg7 7. 0-0 0-0 8. a4 a5 9. Qe2 Nc6 10. c3 Bg4 11. exd6 exd6 12. Be3 Qd7 13. Nbd2 Be6 14. Bxe6 fxe6 15. Ne4 Rae8 16. Rfe1 Nd5 17. Rad1 h6 18. Qc2 Qf7 19. Qb3 Nd8 20. Rd2 g5 21. Rde2 Qg6 22. Nfd2 b6 23. Qa2 Nf4 24. Bxf4 Rxf4 25. d5 e5 26. b4 g4 27. Qc4 Re7 28. Rb1 axb4 29. cxb4 Qe8 30. a5 Qa4 31. g3 Rf8 32. Nc3 Qd7 33. Nde4 Nf7 34. a6 Ra8 35. Ra1 Qc8 36. b5 Nd8 37. Na2 Rf7 38. Rc1 Qd7 39. Rec2 Ra7 40. Nb4 Kf8 41. Rc3 Qf5 42. Qe2 h5 43. Rf1 Bh6 44. f3 Kg7 1-0